000 01053nam a2200241Ia 4500
003 GCL
008 140319s9999 xx 000 0 ara d
040 _aGCL /
_cGCL
082 0 4 _aم
_b953
_bا م
100 1 _aاحمد شلبى
245 1 0 _aموسوعة التاريخ الاسلامى والحضارة الاسلامية ( مج 6 ) :
_bالاسلام والدول الاسلامية جنوب صحراء افريقية منذ دخلها الاسلام حتى الان /
_cاحمد شلبى
250 _aالاولى
260 _aالقاهرة :
_bمكتبة النهضة المصرية ،
_c1972
300 _aمتعدد ؛
_c24 سم
650 0 4 _aالتاريخ الاسلامى
650 0 4 _aافريقيا
650 0 4 _aالحضارة الاسلامية
650 0 4 _aافريقيا قبل الاسلام
650 0 4 _aافريقيا - انتشار الاسلام
650 0 4 _aجنوب افريقيا - الاستعمار الاوربى
650 0 4 _aالتاريخ الاسلامى - جنوب افريقيا
942 _2ddc
_cREF
999 _c59476
_d59476